WebSphere application server V6 scalability and performance handbook (Record no. 106578)
[ view plain ]
| 000 -LEADER | |
|---|---|
| fixed length control field | 01479nam a2200421Ia 4500 |
| 100 1# - MAIN ENTRY--AUTHOR NAME | |
| Personal name | Roehm, Birgit. |
| 245 10 - TITLE STATEMENT | |
| Title | WebSphere application server V6 scalability and performance handbook |
| 260 ## - PUBLICATION, DISTRIBUTION, ETC. (IMPRINT) | |
| Place of publication | White Plains, N.Y. : |
| Name of publisher | IBM, |
| Year of publication | c2005. |
| 300 ## - PHYSICAL DESCRIPTION | |
| Number of Pages | xxviii, 1084 p. : |
| Other physical details | ill. |
| 490 1# - SERIES STATEMENT | |
| Series statement | Redbooks |
| 500 ## - GENERAL NOTE | |
| General note | "May 2005." |
| 650 #0 - SUBJECT ADDED ENTRY--TOPICAL TERM | |
| Topical Term | Client/server computing. |
| 700 1# - ADDED ENTRY--PERSONAL NAME | |
| Personal name | Chen, Gang. |
| Personal name | Fernandes, Andre de Oliveira. |
| Personal name | Ferreria, Cristiane. |
| Personal name | Krick, Rodney. |
| Personal name | Ley, Denis. |
| Personal name | Peterson, Robert R. |
| Personal name | Poul, Gerhard. |
| Personal name | Wong, Joshua. |
| Personal name | Zhou, Ruibin. |
| 856 40 - ELECTRONIC LOCATION AND ACCESS | |
| Uniform Resource Identifier | http://site.ebrary.com/lib/rucke/Doc?id=10112473 |
No items available.
